000 00399 a2200169 4500
001 46585
020 _a858804420x
040 _cAnchieta - Aquarius
100 _aMirando, Eraldo
240 1 0 _aAs aventuras de Pedro Malasartes
_lpor
245 1 0 _aAs aventuras de Pedro Malasartes
300 _a47
362 0 _a2003
440 1 _aElementar
650 4 _aLiteratura infanto-juvenil
942 _cBK
999 _c46585
_d46585